Paralelné výpočty v Matlabe na grafickej karte

Gespeichert in:
Bibliographische Detailangaben
1. Verfasser: Starosta, Štefan, 1987- (Verfasst von)
Weitere Verfasser: Kajan, Slavomír, 1972- (Betreuung Doktorarbeit)
Format: Manuskript Buch
Sprache:Slowakisch
Veröffentlicht: Bratislava : STU v Bratislave FEI, 2012
Schlagworte:
Online-Zugang:VAIS
Tags: Tag hinzufügen
Keine Tags, Fügen Sie das erste Tag hinzu!

MARC

LEADER 00000ntm a22000003a 4500
001 stu254275
005 20150617230200.4
008 120911s2012----xo------------------slo-d
040 |a STU  |b slo 
041 0 |a slo 
044 |a xo 
100 1 |a Starosta, Štefan,  |d 1987-  |4 aut  |u E  |T FEI Fakulta elektrotechniky a informatiky  |X 35502  |U E  |Y 30  |7 A000035502 
242 0 0 |a Parallel computing in MATLAB on the graphic card  |y eng 
245 1 |a Paralelné výpočty v Matlabe na grafickej karte 
260 |a Bratislava :  |b STU v Bratislave FEI,  |c 2012 
300 |a 41 s  |c CD-ROOM 
650 7 |a Applied Informatics  |2 estusub 
650 7 |a paralelné výpočty  |2 stusub 
700 1 |a Kajan, Slavomír,  |d 1972-  |4 ths  |u E010  |T FEI Ústav riadenia a priemyselnej informatiky  |X 4240  |U E010  |Y E010  |7 A000004240 
856 4 |a info a plný text  |u http://is.stuba.sk/zp/portal_zp.pl?podrobnosti=61641  |3 VAIS 
996 |b 284ER01020  |c E*Bc-1020  |l EE23  |s P  |a 0  |w stu254275_0001